000 00473nam a2200181Ia 4500
001 18086
005 20260306171604.0
008 260306s9999||||xx |||||||||||||| ||und||
041 _aESP
082 _a658.401
_bM26
100 _aMaradiegue Tuesta, Rocio
_eAUT
245 0 _aPlan estratégico para la producción y comercialización de tilapias
260 _c2007
300 _a178 páginas :
_c23 cm.
650 _aGEN
654 _aCAN
942 _cLIB
_dJUS
_fJUS
_2ddc
_n
999 _c18086
_d18086